000 01060naa a22003017a 4500
001 BR7908812
003 BR-BrBNA
005 20240918174533.0
007 ta
008 230509b bl.||||| |||| 00| 0 por d
040 _aBR-BrBNA
_bpor
_cBiblioteca Nacional de Agricultura
041 _a(Pt)
072 _aF60
_b1954
_b3575
090 _aF60 BR7908812
100 1 _aPaterniani, M.L.S.
100 1 _aMartins, P.S.
245 1 _aVariabilidade genetica da dormencia de sementes em populacoes de Stylosanthes guianensis (Aubl.)Sw. (Leguminosae papilionideae)[leguminosa forrageira]
260 3 _aPiracicaba, SP (Brasil):
_c1979.
500 _aRelatorio cientifico 1979 Piracicaba, SP (Brasil): 1979. p. 226-238 (BR7908812-AM)F60
650 _aSTILOSANTE
650 _aSEMENTE
650 _aDORMENCIA DA SEMENTE
650 _aQUEBRA DA DORMENCIA
650 _aGERMINACAO
773 0 _tRelatorio cientifico 1979 : no. 13 /
_w0120 BR7908790
_gPiracicaba, SP (Brasil), 1979.
_q309 p.
909 _a202404
_bLucia
_c55
_dLucia Elande
942 _cAM
_2AGRIS
999 _c311836
_d311836